|
|
|
|
| LEADER |
00000nam0a2200000 4500 |
| 001 |
300426 |
| 005 |
20231102001312.0 |
| 010 |
|
|
|b 7000 экз.
|
| 035 |
|
|
|a (RuTPU)RU\TPU\book\325579
|
| 090 |
|
|
|a 300426
|
| 100 |
|
|
|a 20150709d1954 m y0rusy50 ca
|
| 101 |
0 |
|
|a rus
|
| 102 |
|
|
|a RU
|
| 105 |
|
|
|a a z 001zy
|
| 200 |
1 |
|
|a Наладка и эксплуатация регуляторов процессов горения и пылеприготовления системы ЦКТИ
|f С. Д. Кучкин
|g Всесоюзный государственный трест по организации и рационализации районных электрических станций и сетей (ОРГРЭС) ; под ред. П. Н. Мануйлова
|
| 210 |
|
|
|a Москва
|a Ленинград
|c Государственное энергетическое изд-во
|d 1954
|
| 215 |
|
|
|a 176 с., [1] вкл. л.
|c ил.
|
| 300 |
|
|
|a Авт. указан на обороте тит.
|
| 316 |
|
|
|5 63413507: М-133723
|a На обложке и титульном листе владельческая подпись: "Бутаков"
|
| 317 |
|
|
|5 63413507: М-133723
|a Поступила в НТБ в 1970 г. в составе книжного собрания профессора ТПИ И. Н. Бутакова
|
| 320 |
|
|
|a Приложение: с. 176
|
| 606 |
1 |
|
|a Теплоэнергетика
|x Автоматизация
|2 stltpush
|3 (RuTPU)RU\TPU\subj\68107
|9 83637
|
| 610 |
1 |
|
|a электростанции
|
| 610 |
1 |
|
|a автоматические регуляторы
|
| 610 |
1 |
|
|a наладка
|
| 610 |
1 |
|
|a эксплуатация
|
| 610 |
1 |
|
|a котлоагрегаты
|
| 610 |
1 |
|
|a пылеприготовление
|
| 610 |
1 |
|
|a владельческая надпись
|
| 610 |
1 |
|
|a библиотека И. Н. Бутакова
|
| 675 |
|
|
|a 621.1-5
|v 4
|
| 700 |
|
1 |
|a Кучкин
|b С. Д.
|
| 702 |
|
1 |
|a Мануйлов
|b П. Н.
|4 340
|
| 712 |
0 |
2 |
|a Всесоюзный государственный трест по организации и рационализации районных электрических станций и сетей (ОРГРЭС)
|c (Москва)
|c (1939-1977)
|2 stltpush
|3 (RuTPU)RU\TPU\col\8705
|
| 801 |
|
1 |
|a RU
|b 63413507
|c 20150709
|
| 801 |
|
2 |
|a RU
|b 63413507
|c 20190924
|g RCR
|
| 942 |
|
|
|c BK
|